[Event "Eu Team Ch (women)"]
[Site "Batumi GEO"]
[Date "1999.12.05"]
[Round "6"]
[White "Shukurova,M"]
[Black "Rantanen,T"]
[Result "0-1"]
[WhiteElo "2204"]
[BlackElo "2082"]

1.e4 c5 2.c3 Nf6 3.e5 Nd5 4.d4 cxd4 5.Nf3 e6 6.cxd4 b6 7.Nc3 Nxc3 8.bxc3 Qc7
9.Bd2 d6 10.Bd3 Nd7 11.exd6 Bxd6 12.O-O O-O 13.Qe2 Bb7 14.h3 Rfe8 15.Rac1 e5
16.dxe5 Nxe5 17.Nxe5 Bxe5 18.Qh5 g6 19.Qg5 Rad8 20.Bb1 Rd5 21.g3 Bd6 22.Qg4 Rxd2  0-1

[Event "ch-NED (qualifier KO)"]
[Site "Rotterdam NED"]
[Date "1999.12.05"]
[Round "1.2"]
[White "Deegens,V"]
[Black "Van der Weide,K"]
[Result "1/2-1/2"]
[WhiteElo "2313"]
[BlackElo "2434"]

1.e4 c5 2.c3 Nf6 3.e5 Nd5 4.d4 cxd4 5.Nf3 Nc6 6.Bc4 Nb6 7.Bb3 d6 8.exd6 Qxd6
9.O-O Be6 10.Na3 dxc3 11.Bxe6 Qxd1 12.Rxd1 fxe6 13.bxc3 Na4 14.Bd2 Rc8 15.Ng5 e5
16.Rab1 b6 17.Nc4 g6 18.Ne6 Kf7 19.Ng5+ Ke8 20.Ne6 Kf7 21.Ng5+  1/2-1/2

[Event "Eu Team Ch (women)"]
[Site "Batumi GEO"]
[Date "1999.12.06"]
[Round "7"]
[White "Babaeva,F"]
[Black "Koskoska,G"]
[Result "1-0"]
[WhiteElo "2133"]
[BlackElo "2184"]

1.e4 c5 2.c3 Nf6 3.e5 Nd5 4.d4 cxd4 5.Qxd4 e6 6.Bc4 Nc6 7.Qe4 f5 8.Qe2 Nb6
9.Bb3 Be7 10.Nf3 O-O 11.O-O Kh8 12.a4 a5 13.Rd1 Qc7 14.Na3 Na7 15.Bf4 Qc6
16.Nd4 Qc5 17.Qh5 g5 18.Be3 Qc7 19.Nab5 Nxb5 20.Nxb5 Qc6 21.Nd6 Nd5 22.Nf7+ Kg7
23.Nxg5 h6 24.Nxe6+ Qxe6 25.Bxd5 Qg6 26.Qf3 Rb8 27.Ba7 Ra8 28.Bd4 Kh7 29.Bxb7 Rb8
30.Bxc8 Rfxc8 31.Rd2 Rg8 32.Be3 Qe6 33.Rad1 Rg7 34.Bf4 Rbg8 35.g3 Bd8 36.Rd6  1-0

[Event "Eu Team Ch (women)"]
[Site "Batumi GEO"]
[Date "1999.12.06"]
[Round "8"]
[White "Babaeva,F"]
[Black "Mihevc,N"]
[Result "1-0"]
[WhiteElo "2133"]
[BlackElo "2154"]

1.e4 c5 2.c3 Nf6 3.e5 Nd5 4.d4 cxd4 5.Qxd4 e6 6.Bc4 Nc6 7.Qe4 f5 8.Qe2 Nde7
9.Nf3 Ng6 10.O-O Qc7 11.Re1 Ncxe5 12.Nxe5 Nxe5 13.Qxe5 Qxc4 14.Qxf5 Be7 15.Nd2 Qc5
16.Qxc5 Bxc5 17.Ne4 Be7 18.Bg5 b6 19.Rad1 Bxg5 20.Nxg5 Ke7 21.Ne4 Bb7 22.Nd6 Bc6
23.b4 Raf8 24.b5 Ba8 25.Rd3 Rf6 26.c4 Rd8 27.f3 g5 28.Ra3 e5 29.Ne4 Bxe4
30.fxe4 Ra8 31.Ra6 Rd6 32.Rf1 Rc8 33.Rf5 Ke6 34.Rxg5 Rxc4 35.h3 Rxe4 36.Rxa7 Rf4
37.Ra8 Rd5 38.a4 e4 39.Rg7 Re5 40.Rxh7 Kd6 41.Rh6+ Kc5 42.Rc8+ Kb4 43.Rxb6 Kxa4
44.Rb7 e3 45.Rc1 e2 46.Re1 d5 47.b6 Kb5 48.Rb8 d4 49.b7 d3 50.Rd8  1-0

[Event "Eu Team Ch"]
[Site "Batumi GEO"]
[Date "1999.12.07"]
[Round "9"]
[White "Rozentalis,E"]
[Black "Damljanovic,B"]
[Result "1-0"]
[WhiteElo "2586"]
[BlackElo "2554"]

1.e4 c5 2.c3 Nf6 3.e5 Nd5 4.g3 Nc6 5.Bg2 e6 6.Qe2 Be7 7.f4 O-O 8.Nf3 d6 9.O-O Rb8
10.d3 b5 11.Nbd2 Nb6 12.exd6 Qxd6 13.Ne4 Qc7 14.Be3 c4 15.Bxb6 Rxb6 16.d4 Bb7
17.Rae1 b4 18.Rf2 bxc3 19.bxc3 Na5 20.Ne5 f6 21.Nf3 Bd5 22.Nfd2 g6 23.g4 Rb2
24.f5 Rxa2 25.fxe6 Nb3 26.Qe3 Kg7 27.g5 Bxe4 28.gxf6+ Bxf6 29.Nxe4 Rxf2 30.Nxf2 Bh4
31.Re2 Qa5 32.Bc6 Be7 33.Qe5+ Qxe5 34.Rxe5 Rf5 35.Re2 Na5 36.Bd7 Nb7 37.Ne4 Ra5
38.Kg2 Kf8 39.d5 Nd6 40.Rf2+ Kg8 41.Nxd6 Bxd6 42.Bc6 Bc5 43.Rf7 Ra2+ 44.Kg3 Re2
45.Rd7 Kh8 46.Bb5 Re4 47.Kf3 Re3+ 48.Kf4 h6 49.Rc7 Bb6 50.Rc6 Re1 51.Bxc4 Bg1
52.d6 Bxh2+ 53.Kf3  1-0

[Event "Open"]
[Site "Las Palmas ESP"]
[Date "1999.12.09"]
[Round "9"]
[White "Mellado Trivino,J"]
[Black "Villavicencio,A"]
[Result "1/2-1/2"]
[WhiteElo "2477"]
[BlackElo "2312"]

1.e4 c5 2.c3 Nf6 3.e5 Nd5 4.Bc4 Nb6 5.Bb3 c4 6.Bc2 Nc6 7.Nf3 g6 8.O-O Bg7
9.Qe2 d6 10.exd6 Qxd6 11.b3 cxb3 12.axb3 O-O 13.d4 a6 14.Nbd2 Qc7 15.Be4  1/2-1/2

[Event "ch-ROM"]
[Site "Lasi ROM"]
[Date "1999.12.15"]
[Round "3"]
[White "Vajda,L"]
[Black "Rogozenko,D"]
[Result "1/2-1/2"]
[WhiteElo "2462"]
[BlackElo "2576"]

1.e4 c5 2.c3 Nf6 3.e5 Nd5 4.d4 cxd4 5.Nf3 Nc6 6.Bc4 Nb6 7.Bb3 d6 8.exd6 Qxd6
9.Na3 dxc3 10.Qe2 Bf5 11.Nb5 Qd7 12.Ne5 Nxe5 13.Qxe5 Rc8 14.O-O Nc4 15.Bxc4 Rxc4
16.Nxc3 e6 17.Re1 Rc5 18.Qg3 Bg6 19.Bf4 Be7 20.Rad1 Qc6 21.Be3 Rc4 22.Qb8+ Qc8
23.Qxc8+ Rxc8 24.Bxa7 h5 25.h3 h4 26.Bd4 O-O 27.Nd5 Bd8 28.Nb6 Rc2 29.Nd7 Re8
30.Bc3  1/2-1/2

[Event "ch-RUS KO"]
[Site "Moscow RUS"]
[Date "1999.12.20"]
[Round "3.4"]
[White "Sveshnikov,E"]
[Black "Filippov,V"]
[Result "1/2-1/2"]
[WhiteElo "2541"]
[BlackElo "2605"]

1.e4 c5 2.c3 Nf6 3.e5 Nd5 4.d4 cxd4 5.cxd4 e6 6.Nc3 Nxc3 7.bxc3 d6 8.f4 dxe5
9.fxe5 Qh4+ 10.Ke2 Bd7 11.Nf3 Qd8 12.Kf2 Bc6 13.Bd3 Be7 14.Rf1 Nd7 15.Kg1 b5
16.Qe1 h6 17.Qg3 g5 18.Nd2 Nb6 19.Ne4 Nd5 20.Qf2 Rf8 21.a4 bxa4 22.Bc2 Qa5
23.c4 Nc3 24.Nd6+ Bxd6 25.exd6 Ne4 26.Bxe4 Bxe4 27.Qf6 Qd8 28.Rxa4 Qxf6 29.Rxf6 Kd7
30.Rxh6 Rfb8 31.Rf6 Bg6 32.Bxg5 a5 33.Bd2 Rb2 34.Rxa5 Rxa5 35.Bxa5 Kxd6 36.h4 Rc2
37.Bb4+ Kd7 38.d5 Rc1+ 39.Kf2 Rxc4 40.dxe6+ Ke8 41.Ba3 Rxh4 42.e7 Ra4 43.Rf3 Rxa3
44.Rxa3 Kxe7 45.Kf3 f6 46.Kf4 Bc2 47.Ra6 Kf7 48.Kg4 Bd1+ 49.Kh4 Kg6 50.g4 Kg7
51.Rd6 Be2 52.Re6 Bd1 53.Re1 Bb3 54.Re7+ Kg6 55.Rd7 Bc4 56.Rd6 Kg7 57.Rc6 Bd5  1/2-1/2

[Event "ch-RUS KO"]
[Site "Moscow RUS"]
[Date "1999.12.20"]
[Round "3.5"]
[White "Sveshnikov,E"]
[Black "Filippov,V"]
[Result "1-0"]
[WhiteElo "2541"]
[BlackElo "2605"]

1.e4 c5 2.c3 Nf6 3.e5 Nd5 4.d4 cxd4 5.cxd4 d6 6.Nf3 e6 7.Nc3 Nxc3 8.bxc3 Qc7
9.Bd2 Nd7 10.exd6 Bxd6 11.Bd3 b6 12.Ng5 Bb7 13.Ne4 Bf4 14.Qg4 Bxd2+ 15.Kxd2 O-O-O
16.Qg3 e5 17.Ng5 Nf6 18.Rhe1 h6 19.dxe5 Ba6 20.c4 Bxc4 21.Rac1 b5 22.Re3 Qa5+
23.Ke2 Qxa2+ 24.Kf1 Rxd3 25.Rxd3 Kb7 26.exf6 Rd8 27.Qf3+ Rd5 28.Qxd5+ Bxd5
29.fxg7 f6 30.Nf3 Bc4 31.g8=Q Bxg8 32.Rd7+ Kb6 33.Rd6+ Ka5 34.Rxf6 Bc4+ 35.Kg1 Kb4
36.Ne5 a5 37.Rxh6 Qd2 38.Rb1+ Kc3 39.Nxc4 bxc4 40.Rc6 Kd3 41.Rd6+ Kc2 42.Rxd2+ Kxb1  1-0

[Event "8th Danube Open"]
[Site "Aschach AUT"]
[Date "1999.12.27"]
[Round "3"]
[White "Hummel,M"]
[Black "Kilgus,G"]
[Result "0-1"]
[WhiteElo "2130"]
[BlackElo "2218"]

1.e4 c5 2.c3 Nf6 3.e5 Nd5 4.d4 cxd4 5.Nf3 e6 6.cxd4 b6 7.Nc3 Nxc3 8.bxc3 Qc7
9.Bd2 Bb7 10.Bd3 d6 11.O-O Nd7 12.exd6 Bxd6 13.Re1 O-O 14.h3 Bf4 15.Bxf4 Qxf4
16.Ne5 Nxe5 17.Rxe5 Rac8 18.Qc2 g6 19.Rae1 Rfd8 20.Be4 Ba6 21.Qa4 Bc4 22.Qxa7 f6
23.Bxg6 hxg6 24.R5e3 Qc7 25.Qa4 Kf7 26.Qc2 Ra8 27.Rg3 Rg8 28.Qd2 Rxa2 29.Qh6 Ra5
30.Re4 Rh5 31.Qe3 Bd5 32.Rf4 g5 33.Rfg4 f5 34.Rxg5 Rhxg5 35.Rxg5 f4 36.Qe5 Qxe5
37.Rxe5 Rc8 38.Rh5 Rxc3 39.Rh4 f3 40.gxf3 Rxf3 41.Rh8 b5 42.Rb8 Rb3  0-1

[Event "III Open"]
[Site "Cali COL"]
[Date "1999.12.27"]
[Round "2"]
[White "Mosquera,M"]
[Black "Perdomo,C"]
[Result "1-0"]
[WhiteElo "2315"]
[BlackElo "2413"]

1.e4 c5 2.c3 Nf6 3.e5 Nd5 4.g3 d6 5.exd6 e6 6.Bg2 Bxd6 7.Ne2 Nc6 8.d4 O-O
9.O-O b6 10.c4 Nde7 11.dxc5 Bxc5 12.Nbc3 Qxd1 13.Rxd1 Ba6 14.b3 Rad8 15.Bb2 Nd4
16.Nxd4 Bxd4 17.Rd2 e5 18.Rad1 Nf5 19.Kf1 Rb8 20.Be4 Nd6 21.Bd5 b5 22.cxb5 Nxb5
23.Nxb5 Bxb5+ 24.Kg2 Bxb2 25.Rxb2 Rfc8 26.Rbd2 Kf8 27.Be4 g6 28.g4 Kg7 29.g5 h6
30.h4 hxg5 31.hxg5 a6 32.Rd5 Re8 33.Rc5 Re6 34.Rc7 Be8 35.Rdc1 Rd8 36.Kf3 Rd2
37.R7c2 Rd4 38.Rc4 Rd2 39.R4c2 Rd4 40.Ke3 Bb5 41.Rd2 Rxd2 42.Kxd2 Rd6+ 43.Ke3 Rd7
44.a4 Bxa4 45.bxa4 Rd4 46.a5 Ra4 47.Rc5  1-0

[Event "Open"]
[Site "Groningen NED"]
[Date "1999.12.27"]
[Round "8"]
[White "Van den Doel,E"]
[Black "Van der Weide,K"]
[Result "0-1"]
[WhiteElo "2528"]
[BlackElo "2434"]

1.e4 c5 2.c3 Nf6 3.e5 Nd5 4.Nf3 Nc6 5.d4 cxd4 6.Bc4 Nb6 7.Bb3 d6 8.exd6 Qxd6
9.O-O Be6 10.Na3 dxc3 11.Qe2 Bxb3 12.Nb5 Qb8 13.axb3 e6 14.g3 e5 15.bxc3 Be7
16.Bg5 Bxg5 17.Nxg5 h6 18.Ne4 O-O 19.Rfd1 Rd8 20.Nbd6 Qc7 21.Qh5 Qe7 22.Nf5 Qf8
23.g4 Ne7 24.Nxe7+ Qxe7 25.g5 Nd5 26.gxh6 Nf4 27.Qg4 g6 28.Ng5 Qxg5  0-1

[Event "Open"]
[Site "Groningen NED"]
[Date "1999.12.27"]
[Round "8"]
[White "Jonkman,H"]
[Black "Middelburg,T"]
[Result "1-0"]
[WhiteElo "2421"]
[BlackElo "2326"]

1.e4 c5 2.c3 Nf6 3.e5 Nd5 4.Nf3 Nc6 5.Bc4 Nb6 6.Bb3 d5 7.exd6 c4 8.Bc2 Bg4
9.O-O e6 10.h3 Bh5 11.b3 Bxd6 12.bxc4 Nxc4 13.d4 Be7 14.Re1 Bg6 15.Bb3 N4a5
16.Bf4 O-O 17.Qe2 Nxb3 18.axb3 a6 19.Nbd2 Rc8 20.Rec1 Qd5 21.Nc4 Qb5 22.Nfd2 Rcd8
23.Qe3 Qf5 24.Qg3 Qd3 25.Nf3 f6 26.Bc7 Rd5 27.Ra2 Bf7 28.Nb6 Rb5 29.Nd7 Re8
30.Bd6 Bxd6 31.Qxd6 Rd8 32.Qc7 Qf5 33.Nc5 e5 34.c4 Rb4 35.Nxb7 Rc8 36.Qxf7+ Kxf7
37.Nd6+ Kg6 38.Nh4+ Kg5 39.Nhxf5  1-0

[Event "Eastern Open"]
[Site "Washington DC USA"]
[Date "1999.12.28"]
[Round "6"]
[White "Nakamura,A"]
[Black "Strenzwilk,D"]
[Result "1-0"]
[WhiteElo "2157"]
[BlackElo "2167"]

1.e4 c5 2.c3 Nf6 3.e5 Nd5 4.d4 cxd4 5.Nf3 d6 6.cxd4 Nc6 7.Bc4 Nb6 8.Bb5 Bd7
9.exd6 exd6 10.O-O Be7 11.Nc3 O-O 12.h3 Rc8 13.Bf4 a6 14.Bxc6 Bxc6 15.d5 Bd7
16.Qb3 Bf5 17.Rad1 Nc4 18.Qxb7 Rb8 19.Qxa6 Nxb2 20.Rd2 Bd3 21.Rxd3 Rb6 22.Qa7 Nxd3
23.Be3 Rb8 24.Nd4 Ra8 25.Qb7 Nc5 26.Qb5 Bf6 27.Nc6 Qd7 28.Bxc5 Bxc3 29.Be3 Rfe8
30.Qc4 Bf6 31.a4 Qf5 32.a5 g5 33.a6 h5 34.a7 g4 35.hxg4 hxg4 36.Qf4 Qxf4
37.Bxf4 Re4 38.Be3 Ra4 39.Rb1 Ra1 40.Rxa1 Bxa1 41.Bf4 Kf8 42.Bxd6+ Ke8 43.Bb8 Bf6
44.Kf1 Kd7 45.Ke2 Kc8 46.Kd3 Kb7 47.Kc4 Kb6 48.Nd4 Bd8 49.d6 Kb7 50.d7 Bc7
51.Kd5 Bb6 52.Nc6  1-0

[Event "107th ch-NZL"]
[Site "Auckland NZL"]
[Date "1999.12.29"]
[Round "2"]
[White "Sermek,D"]
[Black "Watson,B"]
[Result "1-0"]
[WhiteElo "2545"]
[BlackElo "2260"]

1.e4 c5 2.c3 Nf6 3.e5 Nd5 4.Nf3 Nc6 5.d4 cxd4 6.cxd4 d6 7.Bc4 e6 8.O-O Be7
9.Qe2 O-O 10.Qe4 Qc7 11.Nbd2 b6 12.Bd3 f5 13.exf6 Nxf6 14.Qe2 d5 15.a3 Bd6
16.Re1 Re8 17.Bb5 Bd7 18.Nf1 a6 19.Bxc6 Bxc6 20.Ng3 Bb5 21.Qd1 Rac8 22.a4 Bd7
23.Ne5 Qc2 24.Bg5 Qxd1 25.Rexd1 Bxe5 26.dxe5 Ng4 27.Re1 Rc2 28.f3 Nf2 29.Ra3 b5
30.Ne2 b4 31.Re3 Rxb2 32.Bh4 Rc8 33.Bxf2 Rcc2 34.Bg3 Bxa4 35.Nf4 Bd7 36.Nd3 Rb3
37.Nf4 Rxe3 38.Rxe3 a5 39.Be1 g5 40.Ne2 Rc4 41.Rb3 Bb5 42.Rb2 d4 43.Rd2 b3
44.Nxd4 Rxd4 45.Rxd4 b2 46.Rd1 a4 47.Bc3 a3 48.Bxb2 axb2 49.Rb1 Kf7 50.Rxb2 Bc6
51.Kf2 Kg6 52.g4 h5 53.h3 hxg4 54.hxg4 Bd5 55.Ke3 Bc6 56.f4 gxf4+ 57.Kxf4 Bd5
58.Rb8 Ba2 59.Rf8 Bb3 60.Rf6+ Kg7 61.Kg5  1-0

[Event "Open"]
[Site "Groningen NED"]
[Date "1999.12.29"]
[Round "10"]
[White "Jonkman,H"]
[Black "Medvegy,N"]
[Result "1/2-1/2"]
[WhiteElo "2421"]
[BlackElo "2296"]

1.e4 c5 2.c3 Nf6 3.e5 Nd5 4.Nf3 e6 5.d4 cxd4 6.cxd4 b6 7.Bd3 Bb4+ 8.Bd2 Bxd2+
9.Nbxd2 Ba6 10.Ne4 O-O 11.Nc3 Nxc3 12.bxc3 f6 13.O-O d5 14.exd6 f5 15.Bxa6 Nxa6
16.Qa4 Nb8 17.Nd2 Qxd6 18.Rfe1 Nc6 19.Re2 Rac8 20.Rae1 Rf6 21.Nf3 h6 22.Qa6 Qd7
23.h3 Na5 24.d5 Re8 25.c4 Qd6 26.Nd4 e5 27.Ne6 e4 28.c5 Qb8 29.Rc2 Rc8 30.Rec1 Qb7
31.Qxb7 Nxb7 32.cxb6 Rxc2 33.Rxc2 axb6 34.Rb2 Nc5 35.Rxb6 Nxe6 36.dxe6 Rf8
37.e7 Re8 38.Rb7 Kf7 39.a4 Ra8 40.e8=Q+ Kxe8 41.Rxg7 Ra6 42.Rh7 Kf8 43.Rb7 Rxa4
44.Rb5 Ra1+ 45.Kh2 Rf1 46.Rxf5+ Kg7 47.Rf4 Re1 48.Kg3 Re2 49.Rg4+ Kf6 50.h4 Re1
51.Rg8 Kf7 52.Ra8 Kf6 53.Ra6+ Kg7 54.Re6 Re2 55.Ra6 Re1 56.Ra3 Rb1 57.Ra4 Re1
58.Ra3 Rb1 59.Re3 Rb4 60.Kf4 Rb2 61.Kg3 Rb4 62.Re2 Kf6 63.Kg4 Ra4 64.g3 Ke5
65.Re1 Rb4 66.Ra1 e3+ 67.f4+ Ke4 68.Ra5 Rb1 69.Ra4+ Kd3 70.Ra3+ Ke4 71.Ra4+ Kd3
72.Ra3+ Ke4 73.Ra4+ Kd3 74.Ra3+  1/2-1/2

[Event "Alushta zt (Women)"]
[Site "Alushta"]
[Date "1999.??.??"]
[Round "?"]
[White "Dolzhikova, Olga"]
[Black "Litinskaya, Marta I"]
[Result "0-1"]
[WhiteElo "2213"]
[BlackElo "2383"]

1.e4 c5 2.c3 Nf6 3.e5 Nd5 4.Nf3 e6 5.d4 cxd4 6.cxd4 b6 7.Bd3 Be7 8.O-O Ba6
9.a3 Bxd3 10.Qxd3 O-O 11.Nc3 Nxc3 12.bxc3 d5 13.exd6 Qxd6 14.Bg5 Nd7 15.Bxe7 Qxe7
16.a4 Rac8 17.a5 Rc7 18.c4 Rfc8 19.axb6 axb6 20.Nd2 Qd6 21.h3 Ne5 22.Qe4 Nxc4
23.Nxc4 Rxc4 24.Ra8 g6 25.Rb1 Rxa8 26.Qxa8+ Kg7 27.Qb7 Rxd4 28.g3 Rd1+ 29.Rxd1 Qxd1+
30.Kh2 Qd4 31.Kg1 h5 32.Qa7 Qb2 33.g4 hxg4 34.hxg4 Qd4 35.g5 Qd1+ 36.Kg2 Qd5+
37.Kh2 Qe5+ 38.Kh1 b5 39.Qb7 Qd4 40.f3 b4 41.f4 Qxf4  0-1

[Event "Alushta zt (Women)"]
[Site "Alushta"]
[Date "1999.??.??"]
[Round "?"]
[White "Melamed, Tatiana"]
[Black "Zatonskih, Anna"]
[Result "0-1"]
[WhiteElo "2328"]
[BlackElo "2326"]

1.e4 c5 2.c3 Nf6 3.e5 Nd5 4.Nf3 e6 5.d4 cxd4 6.cxd4 d6 7.Nc3 Nxc3 8.bxc3 Qc7
9.Bd2 Nd7 10.exd6 Bxd6 11.Bd3 b6 12.O-O Bb7 13.Qe2 O-O 14.Rfe1 Bf4 15.Ne5 Nxe5
16.Bxf4 Qc6 17.f3 Nxd3 18.Qxd3 Rac8 19.Bd2 Qa4 20.Re5 Bd5 21.Rg5 Qa3 22.Qe3 f6
23.Rg3 Rf7 24.Qe1 Rc4 25.Rh3 Qb2 26.a4 Qc2 27.a5 bxa5 28.Rb1 a4 29.Rh5 Rc8
30.Rc1 Qg6 31.Rh3 a3 32.c4 a2 33.Rg3 Qf5 34.f4 Rxc4 35.Rxc4 Bxc4 36.Rc3 Qb1
37.Rc1 Rb7 38.d5 Bxd5  0-1

[Event "Alushta zt (Women)"]
[Site "Alushta"]
[Date "1999.??.??"]
[Round "?"]
[White "Dolzhikova, Olga"]
[Black "Gaponenko, Inna"]
[Result "1-0"]
[WhiteElo "2213"]
[BlackElo "2406"]

1.e4 c5 2.c3 Nf6 3.e5 Nd5 4.Nf3 Nc6 5.Na3 d6 6.exd6 Qxd6 7.d4 cxd4 8.Nb5 Qb8
9.Nbxd4 e5 10.Nxc6 bxc6 11.Bc4 Bd6 12.O-O O-O 13.Qc2 h6 14.b4 a5 15.b5 Nb6
16.Be2 cxb5 17.Bxb5 Qc7 18.Rd1 Be6 19.a4 Rfd8 20.Ba3 Bxa3 21.Rxa3 Rxd1+ 22.Qxd1 Rd8
23.Qe1 Bg4 24.Be2 e4 25.Nd2 Qd6 26.Ra2 Be6 27.Rc2 Nxa4 28.Nxe4 Qe5 29.Ng3 Bb3
30.Rc1 Rc8 31.c4 Nb2 32.Rc3 Rb8 33.Qc1 Na4 34.Re3 Qg5 35.Ne4 Qd8 36.h3 Ba2
37.Qa3 Rb1+ 38.Kh2 Qc7+ 39.g3 Bxc4 40.Qxa4 Bxe2 41.Rxe2 Qc1 42.Nf6+ gxf6
43.Re8+ Kg7 44.Qg4+ Qg5 45.Qc8 Qb5 46.Rg8+ Kh7 47.Rh8+ Kg6 48.Qg4+  1-0

[Event "Athens op"]
[Site "Athens"]
[Date "1999.??.??"]
[Round "5"]
[White "Dubois, Martine"]
[Black "Mirzoev, Azer"]
[Result "0-1"]
[WhiteElo "2145"]
[BlackElo "2443"]

1.e4 c5 2.c3 Nf6 3.e5 Nd5 4.d4 cxd4 5.Nf3 Nc6 6.cxd4 d6 7.Bc4 Nb6 8.Bb3 dxe5
9.d5 Na5 10.Nc3 f6 11.Bc2 Nac4 12.O-O g6 13.Qe2 Bg7 14.Rd1 O-O 15.h3 Nd6
16.Be3 Nbc4 17.Bc1 Bd7 18.a4 Rc8 19.Bd3 Bf5 20.Bxf5 Nxf5 21.a5 a6 22.d6 Ncxd6
23.g4 Nh6 24.Nd5 Nhf7 25.Be3 Qe8 26.Nb6 Rc6 27.Nd2 Bh6 28.Bxh6 Nxh6 29.Ne4 Nhf7
30.Nc3 Ng5 31.Kh2 Kg7 32.Nbd5 Ne6 33.Ra4 Qf7 34.f4 Nxf4 35.Nxf4 exf4 36.Rxf4 Rfc8
37.Re1 R8c7 38.Rd4 Rc5 39.Ne4 Nxe4 40.Rxe4 Rc2  0-1

[Event "AUT-chT 9899"]
[Site "AUT"]
[Date "1999.??.??"]
[Round "?"]
[White "Schmittdiel, Eckhard"]
[Black "Atlas, Valeri"]
[Result "1-0"]
[WhiteElo "2460"]
[BlackElo "2465"]

1.e4 c5 2.c3 Nf6 3.e5 Nd5 4.d4 cxd4 5.Qxd4 e6 6.Nf3 Nc6 7.Qe4 d6 8.Bb5 Bd7
9.c4 Nc7 10.Bg5 f6 11.exf6 gxf6 12.Bh4 Qe7 13.Nc3 Bg7 14.Rd1 a6 15.Bxc6 Bxc6
16.Qd3 Rd8 17.O-O O-O 18.Nd4 Qf7 19.f4 d5 20.cxd5 Bxd5 21.Qe2 Rd7 22.Rd2 Rfd8
23.Rfd1 Bh6 24.Rd3 Bxf4 25.Nxd5 Rxd5 26.Nxe6 Rxd3 27.Nxd8 Rxd1+ 28.Qxd1 Be3+
29.Kh1 Qd5 30.Qxd5+ Nxd5 31.Nxb7 Bd4 32.b3 Kf7 33.Be1 Ke6 34.Na5 Kf5 35.Nc6 Be3
36.g3 Ke4 37.Kg2 f5 38.Nb4 Nf6 39.Nxa6 f4 40.gxf4 Bxf4 41.Nc5+ Ke3 42.a4 Ke2
43.a5 Be3 44.Bb4 Nd5 45.a6 Nb6 46.Na4 Nd5 47.Bd6  1-0

[Event "AUT-chT 9899"]
[Site "AUT"]
[Date "1999.??.??"]
[Round "?"]
[White "Vogt, Lothar"]
[Black "Volkmann, Friedrich"]
[Result "1/2-1/2"]
[WhiteElo "2510"]
[BlackElo "2415"]

1.e4 c5 2.c3 Nf6 3.e5 Nd5 4.Nf3 d6 5.Bc4 Nb6 6.Bb3 c4 7.Bc2 Bg4 8.exd6 e6
9.O-O Bxd6 10.d4 cxd3 11.Qxd3 Nc6 12.Nbd2 Bf4 13.Qe2 Qc7 14.h3 h5 15.Be4 O-O-O
16.Nb3 Nd5 17.c4 Nde7 18.Bxf4 Qxf4 19.Nc5 Bf5 20.Rfd1 Rxd1+ 21.Rxd1 Rd8 22.Rxd8+ Nxd8
23.Nd4 Qd6 24.Ncb3 Bxe4 25.Qxe4 Ndc6 26.Nxc6 Qd1+ 27.Kh2 Nxc6 28.g3 g6 29.Qf4 Qd7
30.Nc5 Qd4 31.Qxd4 Nxd4 32.Nd3 Kd7 33.Ne5+ Ke7 34.Kg2 a5 35.f4 h4 36.gxh4 Nf5
37.c5 Nxh4+ 38.Kf2 a4 39.Ke3 f6 40.Nc4 Kd7 41.Nb6+ Kc6 42.Nxa4 Ng2+ 43.Ke4 Ne1
44.Nb6 f5+ 45.Kd4 e5+ 46.fxe5 Nf3+ 47.Ke3 Nxe5 48.b4 Kb5 49.a3 g5 50.Kd4 Nf3+
51.Kd5 g4 52.Nc4 gxh3 53.Nd6+ Ka4 54.Nxf5 h2 55.Ng3 Nd2 56.c6  1/2-1/2

[Event "Avoine op"]
[Site "Avoine"]
[Date "1999.??.??"]
[Round "2"]
[White "Karpatchev, Aleksandr"]
[Black "Druon, Roger"]
[Result "1-0"]
[WhiteElo "2477"]
[BlackElo "2175"]

1.e4 c5 2.c3 Nf6 3.e5 Nd5 4.Nf3 Nc6 5.d4 cxd4 6.Bc4 Nb6 7.Bb3 d5 8.exd6 Qxd6
9.O-O Be6 10.Na3 Bxb3 11.Qxb3 e6 12.Rd1 Qd5 13.Nb5 Qxb3 14.axb3 Rc8 15.Nbxd4 Nxd4
16.Nxd4 a6 17.b4 Ra8 18.Nb3 Rd8 19.Rxd8+ Kxd8 20.b5 axb5 21.Ra7 Kc8 22.Be3 Kc7
23.Na5  1-0

[Event "Bad Woerishofen op"]
[Site "Bad Woerishofen"]
[Date "1999.??.??"]
[Round "8"]
[White "Jonkman, Harmen"]
[Black "Enders, Peter"]
[Result "1/2-1/2"]
[WhiteElo "2333"]
[BlackElo "2474"]

1.e4 c5 2.c3 Nf6 3.e5 Nd5 4.Nf3 Nc6 5.Bc4 Nb6 6.Bb3 d5 7.exd6 Qxd6 8.O-O e6
9.Na3 a6 10.Qe2 Be7 11.Rd1 Bf6 12.d4 cxd4 13.Be3 O-O 14.Nxd4 Nd5 15.Nxc6 Qxc6
16.Bxd5 exd5 17.Qh5 Be7 18.Nc2 Rd8 19.Rd2 b5 20.a3 Bb7 21.Bd4 Qg6 22.Qxg6 hxg6
23.g3 Rd7 24.Ne1 f6 25.Nd3 Rc8 26.h4 Kf7 27.Re1 Bd6 28.Rde2 Re7 29.Rxe7+ Bxe7
30.b4 Rc6 31.Bc5 Bd8 32.Nf4 g5 33.Ng2 gxh4 34.Nxh4 Re6 35.Kf1 Re5 36.Nf3 Re4
37.Nd2 Re5 38.Bd4 Rh5 39.Nb3 Bc8 40.Ke2 Rh2 41.Kf3 g5 42.Ra1 f5 43.Ke3 Bc7
44.Kf3 g4+ 45.Ke3 f4+ 46.gxf4 Rh3+ 47.Ke2 Bxf4 48.Nc5 g3 49.Kf3 Bd6 50.Rg1 gxf2+
51.Kxf2 Bf8 52.Rg5 Rh2+ 53.Kg3 Bd6+ 54.Be5 Rh3+ 55.Kf4 Bf8 56.Rg3 Rh5 57.Rf3 Kg6
58.Nd3 Rh4+ 59.Kg3 Rh3+ 60.Kg2 Rxf3 61.Kxf3 Kf5 62.Ke3 Bh6+ 63.Kd4 Bd2 64.Kxd5 Be6+
65.Kd6 Bc4 66.Nc5 Bc1 67.Nxa6 Bxa3 68.Nc5 Bc1 69.Bd4 Bf4+ 70.Kc6 Bg3 71.Nd7 Ke4
72.Nb6 Be2 73.Nd5 Bf4 74.Kc5 Bb8 75.Kb6 Bf4 76.Ne7 Bc4 77.Kc5 Bh6  1/2-1/2

[Event "Oberliga Bayern9899"]
[Site "Bayern"]
[Date "1999.??.??"]
[Round "?"]
[White "Zellner, Richard"]
[Black "Oechslein, Rainer"]
[Result "1-0"]
[WhiteElo "2155"]
[BlackElo "2200"]

1.e4 c5 2.c3 Nf6 3.e5 Nd5 4.d4 cxd4 5.Nf3 e6 6.Bc4 Nb6 7.Bb3 d6 8.exd6 Bxd6
9.cxd4 O-O 10.Nc3 Nc6 11.O-O Be7 12.Be3 Nb4 13.Qe2 Bd7 14.Ne5 Rc8 15.Rfe1 Bc6
16.Qh5 N6d5 17.Rad1 Be8 18.Qh3 Nxc3 19.bxc3 Rxc3 20.Qg4 Nd5 21.Bh6 Bf6 22.Bd2 Rc7
23.Qf3 Bc6 24.Qg3 b6 25.Ng4 Bh4 26.Qe5 Re8 27.Rc1 f6 28.Qh5 f5 29.Rxc6 g6
30.Nh6+ Kf8 31.Rxc7 Nxc7 32.Qf3 Bf6 33.Qb7 Bxd4 34.Bc1 Qd6 35.Qxa7 b5 36.Qb7 Qc5
37.Qf3 Kg7 38.h3 Rf8 39.Bf4 e5 40.Rc1 Qa7 41.Bg5 e4 42.Qf4 Ne8 43.Ng4 Kh8
44.Bh6 Ng7 45.Qd6 Re8 46.Rc7 Qb8 47.Qd7  1-0

[Event "Oberliga Bayern9899"]
[Site "Bayern"]
[Date "1999.??.??"]
[Round "?"]
[White "Thanner, Hans Peter"]
[Black "Wachinger, Guenther"]
[Result "1/2-1/2"]
[WhiteElo "2095"]
[BlackElo "2195"]

1.e4 c5 2.c3 Nf6 3.d3 Nc6 4.f4 g6 5.Nf3 Bg7 6.g3 O-O 7.Bg2 d6 8.O-O Rb8 9.a4 a6
10.h3 b5 11.axb5 axb5 12.Be3 b4 13.g4 Ne8 14.d4 bxc3 15.bxc3 cxd4 16.cxd4 Nc7
17.Nc3 Nb5 18.Nxb5 Rxb5 19.Rb1  1/2-1/2

[Event "Oberliga Bayern9899"]
[Site "Bayern"]
[Date "1999.??.??"]
[Round "?"]
[White "Diekers, Michael"]
[Black "Wendt, Rene"]
[Result "1-0"]
[WhiteElo "2145"]
[BlackElo "2320"]

1.e4 c5 2.c3 Nf6 3.e5 Nd5 4.d4 cxd4 5.Nf3 e6 6.cxd4 Qc7 7.a3 d6 8.Bd3 Nd7
9.O-O dxe5 10.dxe5 Be7 11.Qe2 Nc5 12.Bc4 Nb6 13.Ba2 Bd7 14.Nc3 Rc8 15.Rd1 O-O
16.Bg5 Bc6 17.Bxe7 Qxe7 18.Nd4 a6 19.Rac1 Rfd8 20.Nxc6 Rxc6 21.Rxd8+ Qxd8
22.Rd1 Qe7 23.Qd2 Rc8 24.g3 h6 25.Kg2 Qc7 26.Qd6 Qxd6 27.Rxd6 Ncd7 28.f4 Kf8
29.Kf3 Ke7 30.Rd4 Nc5 31.Ne4 Nxe4 32.Kxe4 a5 33.Kd3 Rc1 34.Ke3 Rc2 35.Rd2 Nc4+
36.Bxc4 Rxc4 37.Kd3 Rc7 38.Rc2 Rd7+ 39.Ke3 g6 40.Rc5 b6 41.Rc6 b5 42.Rc5 Rb7
43.b4 axb4 44.axb4 Kd7 45.g4 Rb8 46.Ke4 Rb6 47.h4 Rb8 48.h5 gxh5 49.gxh5 Rb6
50.f5 exf5+ 51.Kxf5 Kd8 52.Ke4 Ke7 53.Kd5 Kd7 54.Rc3 Ra6 55.Rf3 Ke7 56.Kc5 Ra1
57.Kxb5 Rh1 58.Rf5 Ke6 59.Rf6+ Kxe5 60.Rxh6 f5 61.Rh8 f4 62.h6 f3 63.h7 f2
64.Rf8 Rxh7 65.Rxf2 Kd6 66.Rc2 Rb7+ 67.Ka5 Rc7 68.Rxc7 Kxc7 69.Ka6 Kb8 70.Kb6  1-0

[Event "Regionalliga NW9899"]
[Site "Bayern"]
[Date "1999.??.??"]
[Round "?"]
[White "Kraus, Josef"]
[Black "Lorke, Christian"]
[Result "1-0"]
[WhiteElo "2025"]
[BlackElo "1780"]

1.e4 c5 2.c3 Nf6 3.e5 Nd5 4.d4 cxd4 5.Bc4 Nb6 6.Bb3 Nc6 7.Nf3 d5 8.exd6 Qxd6
9.O-O Bf5 10.cxd4 e6 11.Nc3 Rd8 12.Nb5 Qb8 13.Nh4 Bg6 14.Qg4 Be7 15.Bf4 Qc8
16.Nc7+ Kf8 17.Nxe6+ fxe6 18.Bxe6 Rd7 19.Nxg6+ hxg6 20.d5 Rh4 21.Qxg6 Rxf4
22.dxc6 Qxc6 23.Rac1 Qe4 24.Qxe4 Rxe4 25.Bxd7 Nxd7 26.Rfe1 Rxe1+ 27.Rxe1 Kf7
28.f3 Nc5 29.Rc1 Bd6 30.h4 Kf6 31.Kf1 Nd3 32.Rd1 Nxb2 33.Rxd6+ Ke7 34.Rd4 b5
35.Rb4 Nc4 36.Rxb5 Nd6 37.Rg5 Kf6 38.Ra5 Nf5 39.h5 Ke6 40.g4  1-0

[Event "Regionalliga NW9899"]
[Site "Bayern"]
[Date "1999.??.??"]
[Round "?"]
[White "Kraus, Josef"]
[Black "Bittner, Harald"]
[Result "1-0"]
[WhiteElo "2025"]
[BlackElo "2000"]

1.e4 c5 2.c3 Nf6 3.e5 Nd5 4.d4 d6 5.Nf3 Bg4 6.h3 Bxf3 7.Qxf3 dxe5 8.dxe5 Nc6
9.e6 fxe6 10.Bc4 g6 11.Qe4 Qd6 12.O-O Bg7 13.Re1 Qe5 14.Nd2 O-O-O 15.Nf3 Qxe4
16.Rxe4 e5 17.Bg5 Rd6 18.Bh4 Nf6 19.Re2 Nh5 20.Ng5 Na5 21.Be6+ Kc7 22.Bg4 Nf4
23.Rc2 h5 24.Bf3 Bf6 25.Nf7 Bxh4 26.Nxh8 Bf6 27.Nf7 Re6 28.Re1 Kd7 29.h4 Ke8
30.Ng5 Bxg5 31.hxg5 b6 32.b3 Kd7 33.Kh2 c4 34.g3 Nd3 35.Rd2 Rd6 36.Red1 e4
37.bxc4 exf3 38.Rxd3 Nxc4 39.Rd4 Ne5 40.Re1 Ng4+ 41.Kg1 Rxd4 42.cxd4 Kd6
43.Re4 e5 44.dxe5+ Nxe5 45.Kf1 Kd5 46.Rf4 b5 47.Rf6 a5 48.Ke1 a4 49.Kd2 b4
50.Ra6 b3 51.Rxa4 bxa2 52.Ke3 Ke6 53.Rxa2 Kf5 54.Ra5 Ke6 55.Ke4 Ng4 56.Kxf3 Ke7
57.Ra6 Kf7 58.Ke2 Kg7 59.Ra7+ Kf8 60.f3 Ne5 61.Ke3 Kg8 62.Re7 Nc4+ 63.Kd4 Nd6
64.Re6 Nf5+ 65.Ke5 Kg7 66.Ra6 Nxg3 67.Ra7+ Kg8 68.Kf6 h4 69.Kxg6 Kf8 70.Rh7  1-0